000 00641nam a2200241Ia 4500
003 OSt
005 20220918214235.0
006 a|||||r|||| 00| 0
007 ta
008 220917b |||||||| |||| 00| 0 eng d
024 _a136,441
037 _cTextual
040 _aARTS
_cARTS
_beng
041 _2eng
_aeng
082 _aX9W.1(Y:4), M2
100 _aJones Leroy P ed
_9130372
245 0 _aPublic enterprise in less developed countries
260 _aCambridge
_bCUP
_c1982
300 _a348p.
_ccm.
650 _aECONOMICS
942 _hX9W.1(Y:4), M2
_cTEXL
_2CC
999 _c259531
_d259531